[Event "Moscow Open 2009 B"]
[Site "www.moscowchessopen.ru"]
[Date "2009.02.05"]
[Round "6.172"]
[White "Shlyakhov, Ivan"]
[Black "Artjushin, Viktor"]
[Result "0-1"]
[WhiteElo "1400"]
[BlackElo "2010"]
[Annotator ""]
[Source ""]
[Remark ""]

1.d4 d5 2.Nf3 f5 3.Bf4 Nf6 4.e3 e6 5.Nbd2 Be7 6.Be2 O-O 7.c4
c6 8.a3 Ne4 9.h4 Bd7 10.g3 Be8 11.Qb3 Qb6 12.c5 Qxb3 13.Nxb3
Bd8 14.Nfd2 a5 15.Nxe4 fxe4 16.Bd6 Rf7 17.Bh5 g6 18.Bg4 Bd7 19.h5
Na6 20.Be5 Bf6 21.Bd6 a4 22.Nd2 Re8 23.b4 axb3 24.Nxb3 e5 25.Be2
exd4 26.Nxd4 Ra8 27.Rb1 Bc8 28.Kd2 Bg7 29.Rh2 Nc7 30.Rb3 Ne8
31.Bf4 Ra5 32.Rc3 Bf8 33.Be5 0-1

[Event "Moscow Open 2009 B"]
[Site "www.moscowchessopen.ru"]
[Date "2009.02.05"]
[Round "6.173"]
[White "Martov, Vadim"]
[Black "Larin, Maxim"]
[Result "0-1"]
[WhiteElo "2002"]
[BlackElo "1400"]
[Annotator ""]
[Source ""]
[Remark ""]

1.d4 Nf6 2.Nf3 g6 3.c4 Bg7 4.Nc3 O-O 5.e4 d6 6.Be2 c5 7.d5 e6
8.O-O exd5 9.cxd5 Re8 10.Qc2 a6 11.a4 Nbd7 12.Bf4 Qe7 13.Nd2
Ne5 14.Rfe1 Nfd7 15.Bg3 g5 16.Nd1 Ng4 17.Ne3 Qf6 18.Ndc4 Rb8
19.a5 Nde5 0-1

[Event "Moscow Open 2009 B"]
[Site "www.moscowchessopen.ru"]
[Date "2009.02.05"]
[Round "6.174"]
[White "Tolmachev, Aleksander"]
[Black "Popenko, Igor"]
[Result "1-0"]
[WhiteElo "2002"]
[BlackElo "1400"]
[Annotator ""]
[Source ""]
[Remark ""]

1.d4 Nf6 2.c4 e6 3.Nc3 Bb4 4.Qc2 b6 5.a3 Bxc3+ 6.Qxc3 Bb7 7.f3
O-O 8.e4 h6 9.Bd3 d6 10.Ne2 Nbd7 11.Be3 e5 12.d5 Nh5 13.g4 Nhf6
14.Ng3 Nh7 15.h4 Qf6 16.Nf5 Rfe8 17.Qd2 Ndf8 18.g5 hxg5 19.Bxg5
Nxg5 20.hxg5 Qg6 21.O-O-O f6 22.Rdg1 Kf7 23.gxf6 Qxf6 24.Rxg7+
Qxg7 25.Nxg7 Kxg7 26.Rg1+ Kf7 27.Qh6 Ke7 28.Bf1 1-0

[Event "Moscow Open 2009 B"]
[Site "www.moscowchessopen.ru"]
[Date "2009.02.05"]
[Round "6.175"]
[White "Ulyankin, Igor"]
[Black "Knyazev, Nikolay"]
[Result "0-1"]
[WhiteElo "1400"]
[BlackElo "1999"]
[Annotator ""]
[Source ""]
[Remark ""]

1.d4 d5 2.c4 c6 3.Nf3 Nf6 4.g3 Bf5 5.Nc3 e6 6.Bg2 Bb4 7.O-O Nbd7
8.cxd5 exd5 9.Bf4 O-O 10.Rc1 h6 11.a3 Bxc3 12.Rxc3 0-1

[Event "Moscow Open 2009 B"]
[Site "www.moscowchessopen.ru"]
[Date "2009.02.05"]
[Round "6.176"]
[White "Pokhlebin, Sergej"]
[Black "Saifutdinov, Rustam"]
[Result "1-0"]
[WhiteElo "1999"]
[BlackElo "1400"]
[Annotator ""]
[Source ""]
[Remark ""]

1.e4 c5 2.Nf3 Nc6 3.d4 cxd4 4.Nxd4 e6 5.Nc3 d6 6.Bc4 Nf6 7.Be3
Be7 8.Qe2 O-O 9.O-O-O a6 10.g4 Na5 11.g5 Ne8 12.Bd3 b5 13.Qh5
e5 14.Nf5 Nc4 15.Nxe7+ Qxe7 16.Nd5 Qb7 17.Nf6+ Nxf6 18.gxf6 Nxe3 1-0

[Event "Moscow Open 2009 B"]
[Site "www.moscowchessopen.ru"]
[Date "2009.02.05"]
[Round "6.177"]
[White "Grinenko, Viktor"]
[Black "Sundukova, Ekaterina"]
[Result "1-0"]
[WhiteElo "1994"]
[BlackElo "1400"]
[Annotator ""]
[Source ""]
[Remark ""]

1.d4 Nf6 2.Nf3 e6 3.g3 d5 4.Bg2 Bd6 5.O-O Nbd7 6.Nbd2 b6 7.c4
Bb7 8.b3 Qe7 9.Bb2 Ba3 10.Bxa3 Qxa3 11.Ne5 Qd6 12.Nxd7 Qxd7 13.Nf3
O-O 14.Ne5 Qd6 15.e3 c5 16.Rc1 Rfd8 17.Ng4 Nd7 18.h4 f5 19.Nh2
Nf6 20.g4 g6 21.g5 Nd7 22.f4 Rac8 23.h5 Kf7 24.h6 Ba6 25.cxd5
Bxf1 26.dxe6+ Qxe6 27.Nxf1 cxd4 28.Rxc8 Rxc8 29.Qxd4 Qe7 30.Bd5+
Ke8 31.Qh8+ Nf8 32.Qd4 Rc1 33.Bc4 Qd7 34.Qe5+ Kd8 35.Bb5 Qc7
36.Qd4+ Kc8 37.Ba6+ Kb8 38.Qf6 Rxf1+ 39.Bxf1 Qc5 40.Qd8+ Kb7
41.Bg2+ Ka6 42.Qd3+ Qb5 43.Bb7+ Ka5 44.Qd2+ Qb4 45.Qd5+ 1-0

[Event "Moscow Open 2009 B"]
[Site "www.moscowchessopen.ru"]
[Date "2009.02.05"]
[Round "6.178"]
[White "Udodov, Yuri"]
[Black "Tilessov, Danat"]
[Result "1-0"]
[WhiteElo "1986"]
[BlackElo "1400"]
[Annotator ""]
[Source ""]
[Remark ""]

1.d4 Nf6 2.c4 c5 3.Nf3 cxd4 4.Nxd4 e6 5.g3 Nc6 6.Bg2 Be7 7.O-O
O-O 8.Nc3 a6 9.e4 Qc7 10.Nc2 Na5 11.Ne3 Nxc4 12.Nxc4 Qxc4 13.Be3
Qc7 14.Rc1 Qd8 15.e5 Ne8 16.Ne4 f6 17.exf6 Bxf6 18.Nxf6+ Nxf6
19.Bc5 Rf7 20.Qd4 d5 21.Bb6 Qe8 22.Rfe1 Bd7 23.Bh3 Ne4 24.Qe5
Rc8 25.Bd4 Rxc1 26.Rxc1 Nd2 27.Bg4 Nc4 28.Qe2 e5 29.Bxd7 Rxd7
30.b3 Re7 31.Bc5 Rc7 32.Bb6 Rc6 33.bxc4 Rxb6 34.cxd5 Rd6 35.Rc7
b5 36.Qg4 Rg6 37.Qf5 Rf6 38.Qc2 Rf8 39.d6 Qe6 40.Qd2 Rd8 41.Qg5
Qf6 42.Rxg7+ Qxg7 43.Qxd8+ Qf8 44.Qg5+ Kf7 45.Qxe5 Qd8 46.Qf5+
Qf6 47.Qxh7+ Ke6 48.Qe7+ Qxe7 49.dxe7 Kxe7 50.Kf1 a5 51.Ke2 Ke6
52.Kd3 1-0

[Event "Moscow Open 2009 B"]
[Site "www.moscowchessopen.ru"]
[Date "2009.02.05"]
[Round "6.179"]
[White "Nikulin, Viktor"]
[Black "Tutunnikov, Nikolay"]
[Result "1/2-1/2"]
[WhiteElo "1978"]
[BlackElo "1400"]
[Annotator ""]
[Source ""]
[Remark ""]

1.c4 Nf6 2.Nc3 g6 3.g3 Bg7 4.Bg2 O-O 5.e4 d6 6.Nge2 e5 7.d3 Nc6
8.O-O Nh5 9.Nd5 Ne7 10.Rb1 a5 11.a3 c6 12.Ndc3 f5 13.f4 Kh8 14.Be3
Be6 15.b3 exf4 16.gxf4 fxe4 17.dxe4 Qd7 18.Qe1 Bh3 19.Qh4 Bxg2
20.Kxg2 Bf6 21.Qh3 Qxh3+ 22.Kxh3 Rae8 23.Rf3 Nc8 24.Rbf1 Bg7
25.c5 Rf7 26.b4 axb4 27.axb4 Nf6 28.Ng3 Nd7 29.Bg1 Bf8 30.Bd4+
Kg8 31.Na4 Bg7 32.Bxg7 Kxg7 33.Rd3 dxc5 34.Nxc5 Nf6 35.Rd4 Rfe7
36.e5 Nd5 37.Nce4 Rf8 38.Nc5 Na7 39.f5 Rxe5 40.Nd7 Rexf5 41.Nxf8
Rxf8 42.Rxf8 Kxf8 43.Ne2 Nb5 44.Re4 Kf7 45.Kg2 1/2-1/2

[Event "Moscow Open 2009 B"]
[Site "www.moscowchessopen.ru"]
[Date "2009.02.05"]
[Round "6.180"]
[White "Grishaev, Igor"]
[Black "Bocharnikov, Oleg"]
[Result "0-1"]
[WhiteElo "2010"]
[BlackElo "1829"]
[Annotator ""]
[Source ""]
[Remark ""]

1.e4 e5 2.Nf3 Nc6 3.Bb5 Nf6 4.O-O Nxe4 5.d4 Nd6 6.Bxc6 dxc6 7.dxe5
Nf5 8.Qxd8+ Kxd8 9.Nc3 h6 10.g4 Ne7 11.h3 h5 12.Ng5 Ke8 13.f3
f6 14.exf6 gxf6 15.Nge4 Bg7 16.Ng3 hxg4 17.hxg4 f5 18.gxf5 Nxf5
19.Re1+ Kf7 20.Nce4 Bd4+ 21.Kf1 Nxg3+ 22.Nxg3 Bh3+ 23.Ke2 Rag8
24.Ne4 Rg2+ 25.Kd3 Bf6 26.c3 Bf5 27.Kc4 Be7 28.Bf4 Rd8 29.Kb3
Be6+ 30.Ka4 0-1

[Event "Moscow Open 2009 B"]
[Site "www.moscowchessopen.ru"]
[Date "2009.02.05"]
[Round "6.182"]
[White "Parakhoni, Anna"]
[Black "Yuganova, Marina"]
[Result "1-0"]
[WhiteElo "1793"]
[BlackElo "2000"]
[Annotator ""]
[Source ""]
[Remark ""]

1.e4 d5 2.exd5 Qxd5 3.Nf3 Nf6 4.d4 Bf5 5.c4 Qd6 6.Nc3 c6 7.Bd3
Bg6 8.O-O Nbd7 9.Re1 O-O-O 10.a3 Bxd3 11.Qxd3 Nc5 12.Qf5+ Ne6
13.Ng5 g6 14.Qh3 Qxd4 15.Nxf7 Ng4 16.Be3 Qxc4 17.Nxd8 Kxd8 18.Bxa7
Ng5 19.Rad1+ Ke8 20.Qh4 h6 21.Rd4 Qa6 22.Ra4 1-0

[Event "Moscow Open 2009 B"]
[Site "www.moscowchessopen.ru"]
[Date "2009.02.05"]
[Round "6.183"]
[White "Kochetov, Dmitri A"]
[Black "Procop, Egor"]
[Result "1/2-1/2"]
[WhiteElo "1995"]
[BlackElo "1739"]
[Annotator ""]
[Source ""]
[Remark ""]

1.b3 d5 2.Bb2 Nc6 3.e3 e5 4.Bb5 Bd6 5.f4 f6 6.Nh3 Qe7 7.O-O Bd7
8.Nc3 O-O-O 9.Nxd5 Qf7 10.Qf3 e4 11.Qxe4 Bxh3 12.gxh3 Nge7 13.Nxe7+
Nxe7 14.Bc4 Qh5 15.Qf3 Qh6 16.Rf2 Kb8 17.Rg2 Rhf8 18.Qg4 g5 19.fxg5
fxg5 20.Rf1 Ng6 21.Be2 Rxf1+ 22.Kxf1 Qf8+ 23.Rf2 Qe8 24.Qxg5
Rd7 25.Qb5 c6 26.Qa5 1/2-1/2

[Event "Moscow Open 2009 B"]
[Site "www.moscowchessopen.ru"]
[Date "2009.02.05"]
[Round "6.184"]
[White "Motruk, Oleg"]
[Black "Bessarab, Vsevolod"]
[Result "0-1"]
[WhiteElo "1727"]
[BlackElo "1990"]
[Annotator ""]
[Source ""]
[Remark ""]

1.e4 e5 2.f4 d5 3.exd5 c6 4.d4 exd4 5.Qxd4 cxd5 6.Nc3 Nf6 7.Nf3
Be7 8.Bb5+ Nc6 9.Ne5 Qd6 10.Ba4 O-O 11.Nb5 Nxd4 12.Nxd6 Bxd6
13.c3 Ne6 0-1

[Event "Moscow Open 2009 B"]
[Site "www.moscowchessopen.ru"]
[Date "2009.02.05"]
[Round "6.185"]
[White "Popov, Andrey"]
[Black "Makhno, Mikhail"]
[Result "1-0"]
[WhiteElo "1988"]
[BlackElo "1621"]
[Annotator ""]
[Source ""]
[Remark ""]

1.c4 e6 2.Nf3 Nf6 3.Nc3 d5 4.e3 Nc6 5.d4 Bb4 6.a3 Bxc3+ 7.bxc3
Ne4 8.Qc2 Ng5 9.Nd2 f5 10.Be2 O-O 11.cxd5 exd5 12.Nf3 Ne4 13.O-O
Qe8 14.c4 Be6 15.Nd2 Qg6 16.Nxe4 fxe4 17.f3 Bf5 18.Qd2 exf3 19.Bxf3
Be4 20.Bxe4 Rxf1+ 21.Kxf1 Qxe4 22.cxd5 Rf8+ 23.Kg1 Qxd5 24.Bb2
Na5 25.Re1 Nc4 26.Qc2 Qb5 27.Bc1 Kh8 28.Qc3 Qf5 29.h3 Nd6 30.Qd2
Ne4 31.Qc2 Qg6 32.Re2 h6 33.Qxc7 Rf3 34.d5 Rf7 35.Qe5 Ng5 36.Qe8+
Kh7 37.Qc8 Qf6 38.Qc2+ Kh8 39.Rf2 Qe7 40.Rxf7 Nxf7 41.Qc3 1-0

[Event "Moscow Open 2009 B"]
[Site "www.moscowchessopen.ru"]
[Date "2009.02.05"]
[Round "6.186"]
[White "Lavrischev, Anatoliy"]
[Black "Mazurov, Arslan"]
[Result "0-1"]
[WhiteElo "1981"]
[BlackElo "1553"]
[Annotator ""]
[Source ""]
[Remark ""]

1.d4 Nf6 2.e3 e6 3.Bd3 c5 4.c3 cxd4 5.exd4 b6 6.Nf3 Bb7 7.O-O
Bd6 8.Nbd2 Nc6 9.Re1 Rc8 10.Ne4 Nxe4 11.Bxe4 O-O 12.Bg5 Qc7 13.h3
f5 14.Bxc6 Qxc6 15.Bd2 Rf6 16.Kh1 Rg6 17.Rg1 Bb8 18.Nh4 Qc7 19.f4
Rh6 20.Nf3 Rf8 21.Kh2 Qd8 22.g3 Qe8 23.Nh4 Bc7 24.Ng2 Qa8 25.Qe2
Rff6 26.h4 Rfg6 27.Raf1 a5 28.Rf2 Bd8 29.Rff1 Qc8 30.c4 Bf6 31.Bc3
Qd8 32.Qf2 Rg4 33.d5 Be7 34.Bd4 exd5 35.Bxb6 Qxb6 36.Qxb6 Rxb6
37.Ne3 Rxb2+ 38.Kh3 Rg6 39.Nxf5 Bc5 40.Rb1 Rxb1 41.Rxb1 Rb6 0-1

[Event "Moscow Open 2009 B"]
[Site "www.moscowchessopen.ru"]
[Date "2009.02.05"]
[Round "6.187"]
[White "Khorsun, Vsevolod"]
[Black "Sidorov, Kirill"]
[Result "0-1"]
[WhiteElo "1715"]
[BlackElo "1981"]
[Annotator ""]
[Source ""]
[Remark ""]

1.e4 e5 2.Nc3 Nc6 3.f4 Bc5 4.fxe5 Bxg1 5.Rxg1 Qh4+ 6.g3 Qxh2
7.Rg2 Qh3 8.Nd5 Kd8 9.d4 Nge7 10.c3 d6 11.exd6 cxd6 12.Bf4 Qe6
13.Nxe7 Qxe7 14.Qf3 h5 15.Qd3 Re8 16.O-O-O Qxe4 17.Bxd6 Bg4 18.Qxe4
Rxe4 19.Bd3 Re6 20.Rf1 Bh3 21.Rxf7 Bxg2 22.Bf5 Rxd6 23.Rf8+ Kc7
24.Rxa8 Rd8 25.Rxd8 Nxd8 0-1

[Event "Moscow Open 2009 B"]
[Site "www.moscowchessopen.ru"]
[Date "2009.02.05"]
[Round "6.188"]
[White "Pak, Alexander"]
[Black "Minnehanov, Eldar"]
[Result "0-1"]
[WhiteElo "1649"]
[BlackElo "1979"]
[Annotator ""]
[Source ""]
[Remark ""]

1.e4 e5 2.Nf3 Nc6 3.Bb5 a6 4.Ba4 Nf6 5.O-O Nxe4 6.d4 b5 7.Bb3
d5 8.dxe5 Be6 9.c3 Bc5 10.Qd3 O-O 11.Be3 Na5 12.Nbd2 Nxd2 13.Bxd2
Nxb3 14.axb3 Qd7 15.b4 Bf5 16.Qe2 Bb6 17.Be3 Bxe3 18.Qxe3 Rfe8
19.Rfe1 Be4 20.Nd4 Qe7 21.f3 Bg6 22.Nb3 f6 23.e6 Qd6 24.Nc5 Bf5
25.Re2 Re7 26.Rae1 a5 27.bxa5 Rae8 28.a6 c6 29.g4 Bg6 30.Rd1
Rd8 31.Nd7 Qc7 32.Qb6 Rdxd7 33.Qxc7 Rxc7 34.Kf2 Rcd7 0-1

[Event "Moscow Open 2009 B"]
[Site "www.moscowchessopen.ru"]
[Date "2009.02.05"]
[Round "6.189"]
[White "Amelichkin, Nikolay"]
[Black "Tyutyunnikov, Kirill"]
[Result "0-1"]
[WhiteElo "1400"]
[BlackElo "1972"]
[Annotator ""]
[Source ""]
[Remark ""]

1.e4 c6 2.d4 d5 3.Nc3 dxe4 4.Nxe4 Bf5 5.Ng3 Bg6 6.Nf3 e6 7.Bd3
Nf6 8.Bg5 Nbd7 9.Qd2 Bxd3 10.Qxd3 Qa5+ 11.Bd2 Bb4 12.c3 Bd6 13.O-O
O-O 14.Rfe1 Rfe8 15.a4 Qc7 16.b4 a5 17.b5 c5 18.Be3 Rac8 19.Rac1
Nb6 20.Ne4 Nxe4 21.Qxe4 Nd5 22.dxc5 Bxc5 23.Bd4 Bxd4 24.cxd4
Qxc1 25.Rxc1 Rxc1+ 26.Ne1 Nb4 27.g3 Nc2 28.Kg2 Nxe1+ 29.Kh3 0-1

[Event "Moscow Open 2009 B"]
[Site "www.moscowchessopen.ru"]
[Date "2009.02.05"]
[Round "6.190"]
[White "Dragunov, Vladimir"]
[Black "Bissembayev, Samgzar"]
[Result "1-0"]
[WhiteElo "1969"]
[BlackElo "1400"]
[Annotator ""]
[Source ""]
[Remark ""]

1.d4 c5 2.d5 e6 3.dxe6 fxe6 4.Nc3 Nf6 5.Bg5 Be7 6.e3 a6 7.a4
Nc6 8.Nf3 O-O 9.Be2 d5 10.O-O d4 11.Nb1 e5 12.Bc4+ Kh8 13.exd4
cxd4 14.Nbd2 Bf5 15.Re1 Qc7 16.Bd3 Bb4 17.Nh4 Bd7 18.h3 Rae8
19.Re2 Bxd2 20.Qxd2 Na5 21.Bxf6 Rxf6 1-0

[Event "Moscow Open 2009 B"]
[Site "www.moscowchessopen.ru"]
[Date "2009.02.05"]
[Round "6.191"]
[White "Popov, Mikhail"]
[Black "Chaplinskiy, Sergey"]
[Result "1-0"]
[WhiteElo "1965"]
[BlackElo "1400"]
[Annotator ""]
[Source ""]
[Remark ""]

1.e4 c6 2.Nf3 d5 3.Nc3 Bg4 4.h3 Bh5 5.g4 Bg6 6.exd5 cxd5 7.Bb5+
Nc6 8.Ne5 Qd6 9.d4 a6 10.Bxc6+ bxc6 11.Bf4 Qf6 12.Qd2 Rc8 13.O-O-O
e6 14.Bg5 Qf5 15.gxf5 Bxf5 1-0

[Event "Moscow Open 2009 B"]
[Site "www.moscowchessopen.ru"]
[Date "2009.02.05"]
[Round "6.192"]
[White "Ovchinnikov, Andrey"]
[Black "Galyaev, Ivan"]
[Result "1-0"]
[WhiteElo "1964"]
[BlackElo "1400"]
[Annotator ""]
[Source ""]
[Remark ""]

1.Nf3 Nf6 2.c4 c6 3.d4 d5 4.Nc3 dxc4 5.Bg5 Nd5 6.e4 Nxc3 7.bxc3
b5 8.Be2 Qa5 9.Qd2 e6 10.O-O Bd6 11.a4 Qc7 12.e5 Be7 13.Bxe7
Qxe7 14.Ng5 h6 15.Ne4 O-O 16.Bf3 Bb7 17.Nc5 a6 18.axb5 axb5 19.Rxa8
Bxa8 20.Ra1 1-0

[Event "Moscow Open 2009 B"]
[Site "www.moscowchessopen.ru"]
[Date "2009.02.05"]
[Round "6.193"]
[White "Antonov, Alexandr L."]
[Black "Simkin, Alexander"]
[Result "0-1"]
[WhiteElo "1400"]
[BlackElo "1957"]
[Annotator ""]
[Source ""]
[Remark ""]

1.e4 c5 2.c3 d5 3.exd5 Qxd5 4.Nf3 Bg4 5.Be2 Nc6 6.O-O Nf6 7.Na3
e6 8.Nb5 Qd8 9.d3 a6 10.Na3 Be7 11.Bg5 O-O 12.Nc4 Qc7 13.Bh4
b5 14.Bg3 Qa7 15.Nfe5 Nxe5 16.Nxe5 Bxe2 17.Qxe2 Qb6 18.Rad1 Rad8
19.Bh4 Nd5 20.Bxe7 Nxe7 21.Rd2 Rd6 22.Rfd1 Rfd8 23.Qh5 Ng6 24.Nxg6
hxg6 25.Qf3 Rd5 26.Qe3 Qd6 27.g3 e5 28.Kf1 Qe6 29.Kg2 Qc6 30.f3
Qd7 31.Re1 c4 32.d4 exd4 33.Rxd4 Rxd4 34.cxd4 Qxd4 35.Qxd4 Rxd4
36.Re8+ Kh7 37.Re2 g5 38.Kf2 Rd3 39.Rc2 Rd6 40.Ke2 Kg6 41.a4
Rd3 42.axb5 axb5 43.Rc3 Rd7 44.b3 cxb3 45.Rxb3 Rb7 46.Rb4 Kf5
47.Kd3 Ke5 48.Kc3 Kd5 49.Kb3 Kc5 50.Rg4 f6 51.f4 gxf4 52.Rxf4
Re7 53.Rf5+ Re5 54.Rf3 Kd4 55.Kb4 Re2 56.h3 Re3 57.Rf4+ Ke5 58.Rg4
Re4+ 59.Kxb5 Rxg4 0-1

[Event "Moscow Open 2009 B"]
[Site "www.moscowchessopen.ru"]
[Date "2009.02.05"]
[Round "6.194"]
[White "Kovach, Dmitri"]
[Black "Absoliamov, Javday"]
[Result "1-0"]
[WhiteElo "1400"]
[BlackElo "1948"]
[Annotator ""]
[Source ""]
[Remark ""]

1.e4 c5 2.Nf3 d6 3.d4 Nf6 4.Nc3 cxd4 5.Nxd4 a6 6.Bg5 e6 7.f4
Be7 8.Qf3 Qc7 9.O-O-O b5 10.Bxf6 gxf6 11.a3 Bb7 12.Qh5 Qc5 13.Nxe6
Qxh5 14.Ng7+ Kd7 15.Nxh5 Rg8 16.g3 Kc7 17.Bg2 Nd7 18.Nd5+ Bxd5
19.Rxd5 Rac8 20.Rhd1 Nb6 21.R5d3 Kb8 22.f5 Nc4 23.Nf4 Ne5 24.Rb3
Ka7 25.Nd5 Bd8 26.Kb1 Rg4 27.Nf4 Rc6 28.Bf3 Rg8 29.Be2 Be7 30.Nd5
Bd8 31.a4 bxa4 32.Ra3 Nd7 33.Rxa4 Nc5 34.Rc4 a5 35.c3 Kb7 36.Kc2
Nd7 37.Rcd4 Re8 38.b4 axb4 39.Nxb4 Rb6 40.Bc4 Bc7 41.Bxf7 Rb8
42.Nd5 Ra6 43.Rb1+ Kc8 44.Be6 Ra2+ 45.Kc1 Rxb1+ 46.Kxb1 Ra7 47.Nxf6
Bb6 48.Rxd6 Rb7 49.Rxd7 Bc7+ 50.Kc2 Kb8 51.Rxh7 1-0

[Event "Moscow Open 2009 B"]
[Site "www.moscowchessopen.ru"]
[Date "2009.02.05"]
[Round "6.195"]
[White "Guseinov, Djelal"]
[Black "Karev, Jurij"]
[Result "1/2-1/2"]
[WhiteElo "1928"]
[BlackElo "1400"]
[Annotator ""]
[Source ""]
[Remark ""]

1.d4 d5 2.c4 e6 3.Nf3 Nf6 4.Nc3 Be7 5.Bf4 dxc4 6.e3 c5 7.Bxc4
cxd4 8.exd4 O-O 9.O-O a6 10.Re1 b5 11.Bb3 Bb7 12.Qd3 Re8 13.Rad1
Nd5 14.Nxd5 Bxd5 15.Bc2 g6 16.Ne5 f5 17.Qh3 Bg5 18.Nf7 Kxf7 19.Qxh7+
Kf8 20.Qh8+ Kf7 21.Qh7+ Kf8 1/2-1/2

[Event "Moscow Open 2009 B"]
[Site "www.moscowchessopen.ru"]
[Date "2009.02.05"]
[Round "6.196"]
[White "Pechonkin, Oleg"]
[Black "Dubov, Alexandr"]
[Result "0-1"]
[WhiteElo "1400"]
[BlackElo "1903"]
[Annotator ""]
[Source ""]
[Remark ""]

1.e4 c5 2.Nf3 a6 3.d4 cxd4 4.Nxd4 Nf6 5.Bd3 e5 6.Nf3 d5 7.Qe2
dxe4 8.Bxe4 Nxe4 9.Qxe4 Nc6 10.O-O Bd6 11.Nxe5 Bxe5 12.f4 Qd4+
13.Qxd4 Bxd4+ 14.Kh1 O-O 0-1

[Event "Moscow Open 2009 B"]
[Site "www.moscowchessopen.ru"]
[Date "2009.02.05"]
[Round "6.197"]
[White "Krutov, Sergey"]
[Black "Mifodovsky, Valery"]
[Result "1-0"]
[WhiteElo "1899"]
[BlackElo "1400"]
[Annotator ""]
[Source ""]
[Remark ""]

1.e4 c5 2.c3 d5 3.exd5 Qxd5 4.d4 e5 5.dxe5 Qxe5+ 6.Qe2 Qxe2+
7.Bxe2 Nf6 8.Nf3 Be7 9.Na3 a6 10.Nc4 Nbd7 11.Bg5 b5 12.Bxf6 Nxf6
13.Nb6 Rb8 14.Nxc8 Rxc8 15.a4 c4 16.axb5 axb5 17.Nd4 b4 18.Nf5
bxc3 19.bxc3 g6 20.Nxe7 Kxe7 21.O-O Ne4 22.Bg4 f5 23.Rfe1 Kf6
24.Rxe4 fxe4 25.Bxc8 Rxc8 26.Kf1 Rc5 27.Ke2 Ke5 28.Ra4 h5 29.h4
Kf5 30.Ke3 Ke5 31.g3 Kd5 32.Ra6 Rb5 33.Rxg6 Rb1 34.Rg5+ Kd6 35.Kxe4 1-0

[Event "Moscow Open 2009 B"]
[Site "www.moscowchessopen.ru"]
[Date "2009.02.05"]
[Round "6.198"]
[White "Zaitsev, Alexandr A"]
[Black "Malyshev, Roman B"]
[Result "1-0"]
[WhiteElo "1400"]
[BlackElo "1856"]
[Annotator ""]
[Source ""]
[Remark ""]

1.e4 d6 2.d4 Nf6 3.Nc3 g6 4.f4 Bg7 5.Nf3 O-O 6.Be2 c6 7.e5 dxe5
8.fxe5 Nd5 9.O-O b5 10.Nxd5 Qxd5 11.b3 Qd8 12.a4 Bb7 13.axb5
cxb5 14.Bxb5 Bxf3 15.Rxf3 Bxe5 16.Rd3 Qb6 17.Bc4 Rd8 18.c3 Bg7
19.Qf3 e6 20.Be3 Nd7 21.Rf1 Rf8 22.Qf2 Qc7 23.Bf4 Qb7 24.g4 e5
25.dxe5 Nxe5 26.Bxe5 Bxe5 27.Bd5 Qd7 28.Qh4 Qb5 29.c4 Qc5+ 30.Kg2
Rae8 31.Rh3 h5 32.gxh5 Qd4 33.hxg6 Qxh4 34.gxf7+ Kg7 35.fxe8N+
Rxe8 36.Rxh4 Bd6 37.Rg4+ Kh8 38.Rf6 1-0

[Event "Moscow Open 2009 B"]
[Site "www.moscowchessopen.ru"]
[Date "2009.02.05"]
[Round "6.199"]
[White "Paldyaev, Vladislav"]
[Black "Zhukov, Daniil A"]
[Result "0-1"]
[WhiteElo "1853"]
[BlackElo "1400"]
[Annotator ""]
[Source ""]
[Remark ""]

1.e4 c6 2.d4 d5 3.Nc3 dxe4 4.Nxe4 Bf5 5.Ng3 Bg6 6.Nf3 Nd7 7.c3
Qc7 8.Bd3 Bxd3 9.Qxd3 Ngf6 10.O-O e6 11.b3 Bd6 12.Re1 O-O-O 13.Be3
Nd5 14.a3 Nxe3 15.Qxe3 Nf6 16.Ne5 h5 17.h3 Nd5 18.Qf3 f6 19.Nc4
Bxg3 20.fxg3 Rde8 21.b4 g5 22.Qd3 Rhg8 23.Nd2 h4 24.c4 Nb6 25.g4
Kb8 26.a4 Nd7 27.c5 f5 28.gxf5 g4 29.fxe6 Nf6 30.Nf1 Nd5 31.Re5
gxh3 32.Qxh3 Nf4 33.Qf3 Rxg2+ 34.Kh1 Qg7 35.Nh2 Rg8 36.Ree1 Ne2
37.Ng4 Rxg4 38.Qxe2 Qe7 39.b5 Rg3 40.Qe5+ Kc8 41.Ra2 Qf8 42.Qe4
Qg7 43.Qxh4 Rh8 44.Rh2 Rxh4 45.Rxh4 Qf6 0-1

[Event "Moscow Open 2009 B"]
[Site "www.moscowchessopen.ru"]
[Date "2009.02.05"]
[Round "6.200"]
[White "Marder, Elena"]
[Black "Makushkin, Nikolay"]
[Result "1-0"]
[WhiteElo "1747"]
[BlackElo "1949"]
[Annotator ""]
[Source ""]
[Remark ""]

1.c4 c5 2.Nf3 Nf6 3.g3 g6 4.Bg2 Bg7 5.O-O d6 6.Nc3 O-O 7.d4 Nc6
8.e3 Bg4 9.h3 Bf5 10.Re1 Rb8 11.e4 cxd4 12.exf5 dxc3 13.fxg6
fxg6 14.bxc3 Nh5 15.Nd4 Qb6 16.Be3 Qa6 17.Bd5+ Kh8 18.Qd2 Nxd4
19.cxd4 Nf6 20.Be6 d5 21.cxd5 Rbd8 22.Qb4 Nxd5 23.Bxd5 Rxd5 24.Qxe7
Rfd8 25.Rab1 R5d7 26.Qe4 Bxd4 27.Bxd4+ Rxd4 28.Qxb7 Qxa2 29.Ra1
Qd5 30.Qxa7 Qf5 31.Kg2 R4d7 32.Qb6 Qd5+ 33.Kh2 Rf7 34.Qe3 Rf3
35.Qe2 Rdf8 36.Qb2+ Kg8 37.Re2 Qc4 38.Qa2 Qxa2 39.Raxa2 Kg7 40.Kg2
Rc3 41.Re4 Rd8 42.Ra7+ Kg8 43.Ree7 1-0

[Event "Moscow Open 2009 B"]
[Site "www.moscowchessopen.ru"]
[Date "2009.02.05"]
[Round "6.201"]
[White "Kosov, Igor"]
[Black "Sarkisian, Vagan"]
[Result "0-1"]
[WhiteElo "1743"]
[BlackElo "1931"]
[Annotator ""]
[Source ""]
[Remark ""]

1.d4 d5 2.c4 e6 3.Nc3 Nf6 4.Bg5 Be7 5.e3 O-O 6.Nf3 Nbd7 7.cxd5
Nxd5 8.Bxe7 Qxe7 9.e4 Nxc3 10.bxc3 c5 11.Be2 cxd4 12.cxd4 Nf6
13.e5 Nd5 14.O-O Nc3 15.Qc2 Nxe2+ 16.Qxe2 Bd7 17.Nd2 Bc6 18.Ne4
Bxe4 19.Qxe4 Rac8 20.d5 exd5 21.Qxd5 Rc5 22.Qf3 Rxe5 23.Rab1
b6 24.Rfc1 Re8 25.h3 h6 26.Rc6 Re1+ 27.Rxe1 Qxe1+ 28.Kh2 Qe5+
29.Kg1 Qa1+ 30.Kh2 Qxa2 31.Rc7 a6 32.Qc6 Qe6 33.Qb7 Qd6+ 34.g3
Qf6 35.Rc2 b5 36.Ra2 Re6 0-1

[Event "Moscow Open 2009 B"]
[Site "www.moscowchessopen.ru"]
[Date "2009.02.05"]
[Round "6.202"]
[White "Nepomnin, Vladilen"]
[Black "Lebedev, Roman"]
[Result "0-1"]
[WhiteElo "1888"]
[BlackElo "1710"]
[Annotator ""]
[Source ""]
[Remark ""]

1.e4 e6 2.d4 d5 3.e5 c5 4.c3 Nc6 5.Nf3 Qb6 6.Bd3 Bd7 7.dxc5 Bxc5
8.O-O Nge7 9.b4 Nxb4 10.cxb4 Bxb4 11.Qb3 Bc5 12.Qxb6 Bxb6 13.Bb2
O-O 14.Bd4 Bxd4 15.Nxd4 Rac8 16.Bb5 Rfd8 17.Nd2 a6 18.Bxd7 Rxd7
19.Rfc1 Rdc7 20.N2b3 Ng6 21.Nf3 Nf4 22.Kf1 Nd3 23.Rxc7 Rxc7 24.g3
Rc2 25.Nbd2 f6 26.exf6 gxf6 27.Ke2 Rc1 28.Rxc1 Nxc1+ 29.Kd1 Nxa2
30.Kc2 Nb4+ 31.Kc3 Nc6 32.Nd4 Nd8 33.N2b3 b6 34.f4 Kf7 35.Nf3
Ke7 36.g4 Kd6 37.Nfd4 Nf7 38.h4 h6 39.h5 Nd8 40.Nc1 Nb7 41.Nd3
Nd8 42.Nb4 a5 43.Nd3 Nf7 44.Kb3 e5 45.Nf5+ Ke6 46.Ng7+ Ke7 47.Ka4
e4 48.Ne1 d4 49.Nf5+ Ke6 50.Nxd4+ Kd5 51.Nf5 Kc4 52.Ng2 Kd3 53.Kb3
b5 54.Ka3 a4 55.Kb4 Ke2 56.Ngh4 Kf2 57.Kc3 e3 58.Nd4 e2 59.Nxe2
Kxe2 60.f5 Ke3 61.Ng6 Kf3 0-1

[Event "Moscow Open 2009 B"]
[Site "www.moscowchessopen.ru"]
[Date "2009.02.05"]
[Round "6.203"]
[White "Chinilov, Vladislav"]
[Black "Tamarovskiy, Andrey"]
[Result "1-0"]
[WhiteElo "1400"]
[BlackElo "1883"]
[Annotator ""]
[Source ""]
[Remark ""]

1.e4 e5 2.Nc3 Nf6 3.g3 b6 4.Bg2 Bb7 5.d3 Bb4 6.Nge2 d5 7.O-O
d4 8.Nb1 O-O 9.a3 Be7 10.h3 c5 11.Nd2 h6 12.f4 exf4 13.gxf4 Nc6
14.Nf3 Qc7 15.Ng3 Bc8 16.Kh2 Nh7 17.Qe1 Re8 18.e5 Be6 19.Qe4
Rad8 20.Nd2 Bd5 21.Qe2 Bh4 22.Nf5 Bf6 23.Bxd5 Nxe5 24.Qg2 Ng6
25.Nc4 b5 26.Ncd6 Rxd6 27.Nxd6 Qxd6 28.Be4 Nh4 29.Qg3 c4 30.Bd2
Bd8 31.Rae1 Nf6 32.Bb4 Qd7 33.Rg1 g5 34.Qxh4 Bc7 35.Rxg5+ hxg5
36.Qxg5+ 1-0

[Event "Moscow Open 2009 B"]
[Site "www.moscowchessopen.ru"]
[Date "2009.02.05"]
[Round "6.204"]
[White "Shurunov, Andrei"]
[Black "Rodnov, Sergey"]
[Result "1-0"]
[WhiteElo "1882"]
[BlackElo "1512"]
[Annotator ""]
[Source ""]
[Remark ""]

1.e4 c5 2.Nf3 Nc6 3.d4 e6 4.Nc3 d5 5.exd5 exd5 6.dxc5 Bxc5 7.Qxd5
Qe7+ 8.Qe4 Be6 9.Bb5 Rc8 10.O-O Nf6 11.Qe2 O-O 12.Bg5 Nd4 13.Nxd4
Bxd4 14.Nd5 Qc5 15.Nxf6+ gxf6 16.Bh6 Rfd8 17.c3 Be5 18.Be3 Qf8
19.f4 Bb8 20.Rf3 Bf5 21.g4 Qg7 22.Rg3 Be4 23.Bd4 Rxd4 24.cxd4
Bd5 25.Qd2 a6 26.Be2 Kh8 27.h3 Rd8 28.Qa5 Qg8 29.Rf1 Ba7 30.Rd1
Qe8 31.Bf1 h6 32.f5 Qe4 33.Bg2 Bxd4+ 34.Kh2 Qf4 35.Bxd5 Qf2+
36.Rg2 Be5+ 37.Kh1 Qe3 38.Qa3 1-0